000 00298nam a22001337a 4500
008 181023b xxu||||| |||| 00| 0 eng d
020 _a9780495803362
041 _aeng
080 _22nd
_a371
100 _a46
101 _aEDU
245 _aFocus on College Success
_cStaley,C
942 _2udc
_cBK
999 _c50575
_d50575